[Event "Turniej Blitza na II Lidze Juniorów 2018"]
[Site "Szczyrk, Poland"]
[Date "????.??.??"]
[Round "6.66"]
[White "Sulima, Franciszek"]
[Black "Kucza, Kamil"]
[Result "1-0"]
[TimeControl "3'+2\""]
[WhiteElo "1176"]
[BlackElo "1208"]

1. e4 {[%clk 00:03:01]} {[%emt 00:00:01]} e5 {[%clk 00:03:03]} {[%emt
00:00:01]} 2. Nf3 {[%clk 00:03:02]} {[%emt 00:00:02]} Nc6 {[%clk 00:03:04]} 3.
d4 {[%clk 00:03:02]} {[%emt 00:00:02]} exd4 {[%clk 00:03:05]} {[%emt 00:00:01]}
4. Bc4 {[%clk 00:03:03]} {[%emt 00:00:02]} Nf6 {[%clk 00:03:04]} {[%emt
00:00:02]} 5. e5 {[%clk 00:03:03]} {[%emt 00:00:02]} d5 {[%clk 00:02:57]}
{[%emt 00:00:08]} 6. Bb5 {[%clk 00:03:04]} {[%emt 00:00:02]} Nd7 {[%clk
00:02:33]} {[%emt 00:00:26]} 7. O-O {[%clk 00:02:46]} {[%emt 00:00:20]} a6
{[%clk 00:02:20]} {[%emt 00:00:14]} 8. Bxc6 {[%clk 00:02:44]} {[%emt 00:00:04]}
bxc6 {[%clk 00:02:21]} {[%emt 00:00:02]} 9. Nxd4 {[%clk 00:02:45]} {[%emt
00:00:01]} c5 {[%clk 00:02:14]} {[%emt 00:00:09]} 10. Nf3 {[%clk 00:02:42]}
{[%emt 00:00:05]} Be7 {[%clk 00:02:12]} {[%emt 00:00:03]} 11. Qxd5 {[%clk
00:02:36]} {[%emt 00:00:09]} Nb6 {[%clk 00:02:03]} {[%emt 00:00:11]} 12. Qxd8+
{[%clk 00:02:31]} {[%emt 00:00:08]} Bxd8 {[%clk 00:02:02]} {[%emt 00:00:02]} 13.
Nc3 {[%clk 00:02:29]} {[%emt 00:00:04]} O-O {[%clk 00:02:02]} {[%emt 00:00:02]}
14. Be3 {[%clk 00:02:30]} {[%emt 00:00:02]} Be7 {[%clk 00:01:54]} {[%emt
00:00:09]} 15. a4 {[%clk 00:02:09]} {[%emt 00:00:23]} a5 {[%clk 00:01:49]}
{[%emt 00:00:07]} 16. Nb5 {[%clk 00:02:02]} {[%emt 00:00:10]} c6 {[%clk
00:01:37]} {[%emt 00:00:14]} 17. Nc3 {[%clk 00:01:51]} {[%emt 00:00:12]} Nd5
{[%clk 00:01:37]} {[%emt 00:00:02]} 18. Rfe1 {[%clk 00:01:32]} {[%emt
00:00:21]} Nxc3 19. bxc3 {[%clk 00:01:33]} c4 {[%clk 00:01:26]} {[%emt
00:00:10]} 20. Nd4 {[%clk 00:01:26]} {[%emt 00:00:09]} c5 {[%clk 00:01:08]}
{[%emt 00:00:20]} 21. Nb5 {[%clk 00:01:12]} {[%emt 00:00:16]} Bd7 {[%clk
00:00:59]} {[%emt 00:00:09]} 22. Rab1 {[%clk 00:01:13]} {[%emt 00:00:03]} Rfb8
{[%clk 00:00:49]} {[%emt 00:00:12]} 23. f4 {[%clk 00:01:01]} {[%emt 00:00:15]}
h6 {[%clk 00:00:49]} {[%emt 00:00:02]} 24. Red1 {[%clk 00:00:57]} {[%emt
00:00:05]} Be8 {[%clk 00:00:48]} {[%emt 00:00:03]} 25. Nc7 {[%clk 00:00:45]}
{[%emt 00:00:14]} Rxb1 {[%clk 00:00:40]} {[%emt 00:00:11]} 26. Rxb1 {[%clk
00:00:45]} {[%emt 00:00:01]} Rc8 {[%clk 00:00:40]} 27. Nxe8 {[%clk 00:00:43]}
{[%emt 00:00:05]} Rxe8 {[%clk 00:00:41]} {[%emt 00:00:01]} 28. Rb5 {[%clk
00:00:44]} Rd8 {[%clk 00:00:40]} {[%emt 00:00:03]} 29. Bxc5 {[%clk 00:00:42]}
{[%emt 00:00:04]} Rd1+ {[%clk 00:00:39]} {[%emt 00:00:03]} 30. Kf2 {[%clk
00:00:43]} {[%emt 00:00:02]} Bxc5+ {[%clk 00:00:33]} {[%emt 00:00:08]} 31. Rxc5
{[%clk 00:00:43]} {[%emt 00:00:02]} Rd2+ {[%clk 00:00:33]} {[%emt 00:00:01]} 32.
Kg3 {[%clk 00:00:42]} {[%emt 00:00:03]} Rxc2 {[%clk 00:00:33]} {[%emt
00:00:02]} 33. Rxc4 {[%clk 00:00:42]} {[%emt 00:00:02]} f6 {[%clk 00:00:32]}
{[%emt 00:00:03]} 34. exf6 {[%clk 00:00:40]} {[%emt 00:00:05]} gxf6 {[%clk
00:00:33]} {[%emt 00:00:01]} 35. Kf3 {[%clk 00:00:40]} {[%emt 00:00:02]} Kf7
{[%clk 00:00:34]} {[%emt 00:00:01]} 36. h3 {[%clk 00:00:40]} {[%emt 00:00:02]}
Kg6 {[%clk 00:00:34]} {[%emt 00:00:01]} 37. g4 {[%clk 00:00:39]} {[%emt
00:00:04]} Ra2 {[%clk 00:00:33]} {[%emt 00:00:02]} 38. h4 {[%clk 00:00:39]}
{[%emt 00:00:03]} Ra3 {[%clk 00:00:33]} {[%emt 00:00:01]} 39. h5+ {[%clk
00:00:38]} {[%emt 00:00:03]} Kf7 {[%clk 00:00:33]} {[%emt 00:00:02]} 40. Ke4
{[%clk 00:00:39]} {[%emt 00:00:01]} Ra1 {[%clk 00:00:31]} {[%emt 00:00:04]} 41.
Kf5 {[%clk 00:00:38]} {[%emt 00:00:03]} Rf1 {[%clk 00:00:26]} {[%emt 00:00:06]}
42. Rc5 {[%clk 00:00:37]} {[%emt 00:00:03]} Rc1 {[%clk 00:00:21]} {[%emt
00:00:08]} 43. Rxa5 {[%clk 00:00:36]} {[%emt 00:00:03]} Rxc3 {[%clk 00:00:21]}
{[%emt 00:00:02]} 44. Ra7+ {[%clk 00:00:37]} Kf8 {[%clk 00:00:22]} {[%emt
00:00:01]} 45. Kxf6 {[%clk 00:00:37]} {[%emt 00:00:02]} Rc6+ {[%clk 00:00:23]}
{[%emt 00:00:01]} 46. Kf5 {[%clk 00:00:37]} {[%emt 00:00:01]} Rc5+ {[%clk
00:00:23]} {[%emt 00:00:02]} 47. Ke4 {[%clk 00:00:38]} Rc4+ {[%clk 00:00:24]}
{[%emt 00:00:02]} 48. Ke5 {[%clk 00:00:38]} {[%emt 00:00:02]} Rc5+ {[%clk
00:00:25]} {[%emt 00:00:02]} 49. Kd4 {[%clk 00:00:39]} Rc6 {[%clk 00:00:26]}
{[%emt 00:00:01]} 50. a5 {[%clk 00:00:39]} {[%emt 00:00:02]} Rc2 {[%clk
00:00:25]} {[%emt 00:00:02]} 51. a6 {[%clk 00:00:38]} {[%emt 00:00:02]} Ra2
{[%clk 00:00:25]} {[%emt 00:00:02]} 52. Ra8+ {[%clk 00:00:39]} {[%emt
00:00:02]} Ke7 {[%clk 00:00:26]} 53. a7 {[%clk 00:00:40]} Kd6 {[%clk 00:00:26]}
{[%emt 00:00:01]} 54. Rh8 {[%clk 00:00:40]} {[%emt 00:00:03]} Rxa7 {[%clk
00:00:25]} {[%emt 00:00:03]} 55. Rxh6+ {[%clk 00:00:41]} {[%emt 00:00:02]} Kc7
{[%clk 00:00:24]} {[%emt 00:00:03]} 56. Rh7+ {[%clk 00:00:42]} Kb6 {[%clk
00:00:25]} 57. Rxa7 {[%clk 00:00:43]} {[%emt 00:00:01]} Kxa7 {[%clk 00:00:26]}
58. h6 {[%clk 00:00:45]} Kb8 {[%clk 00:00:26]} {[%emt 00:00:01]} 59. h7 {[%clk
00:00:46]} Kc7 {[%clk 00:00:27]} 60. h8=Q {[%emt 00:00:04]} Kd6 61. Qf6+ {[%clk
00:00:47]} {[%emt 00:00:01]} Kd7 {[%clk 00:00:30]} {[%emt 00:00:01]} 62. Kd5
{[%clk 00:00:48]} {[%emt 00:00:01]} Kc7 {[%clk 00:00:31]} 63. Qc6+ {[%clk
00:00:49]} Kd8 {[%clk 00:00:32]} {[%emt 00:00:01]} 64. Qb7 {[%clk 00:00:51]}
{[%emt 00:00:01]} Ke8 {[%clk 00:00:33]} 65. Ke6 {[%clk 00:00:52]} {[%emt
00:00:02]} Kf8 {[%clk 00:00:35]} 66. Qf7# {[%clk 00:00:53]} {[%emt 00:00:03]}
1-0

[Event "Turniej Blitza na II Lidze Juniorów 2018"]
[Site "Szczyrk, Poland"]
[Date "????.??.??"]
[Round "6.15"]
[White "Urbanski, Wojciech"]
[Black "Meers, Hubert"]
[Result "0-1"]
[TimeControl "3'+2\""]
[WhiteElo "1472"]
[BlackElo "1549"]

1. e4 {[%clk 00:03:03]} {[%emt 00:00:31]} c5 {[%clk 00:03:03]} 2. Nf3 {[%clk
00:03:04]} {[%emt 00:00:01]} d6 {[%clk 00:03:04]} {[%emt 00:00:01]} 3. d4
{[%clk 00:03:06]} cxd4 {[%clk 00:03:05]} {[%emt 00:00:01]} 4. Nxd4 {[%clk
00:03:06]} {[%emt 00:00:02]} Nf6 {[%clk 00:03:06]} 5. Nc3 {[%clk 00:03:07]}
{[%emt 00:00:01]} Nc6 {[%clk 00:03:08]} {[%emt 00:00:01]} 6. Be3 {[%clk
00:02:57]} {[%emt 00:00:12]} Ng4 {[%clk 00:03:08]} 7. Nxc6 {[%clk 00:02:47]}
{[%emt 00:00:12]} bxc6 {[%clk 00:03:01]} {[%emt 00:00:09]} 8. Qd2 {[%clk
00:02:48]} {[%emt 00:00:01]} Nxe3 {[%clk 00:03:01]} {[%emt 00:00:02]} 9. Qxe3
{[%clk 00:02:49]} {[%emt 00:00:01]} e6 {[%clk 00:02:57]} {[%emt 00:00:06]} 10.
Be2 {[%clk 00:02:38]} {[%emt 00:00:13]} Be7 {[%clk 00:02:58]} 11. O-O {[%clk
00:02:38]} {[%emt 00:00:02]} O-O {[%clk 00:02:59]} {[%emt 00:00:01]} 12. f4
{[%clk 00:02:39]} d5 {[%clk 00:03:00]} 13. exd5 {[%clk 00:02:35]} {[%emt
00:00:07]} cxd5 {[%clk 00:03:01]} {[%emt 00:00:01]} 14. Rad1 {[%clk 00:02:35]}
{[%emt 00:00:02]} Qc7 {[%clk 00:02:59]} {[%emt 00:00:04]} 15. Kh1 {[%clk
00:02:34]} {[%emt 00:00:03]} Rb8 {[%clk 00:02:54]} {[%emt 00:00:06]} 16. f5
{[%clk 00:02:23]} {[%emt 00:00:13]} Bc5 {[%clk 00:02:34]} {[%emt 00:00:22]} 17.
Qh3 {[%clk 00:02:20]} {[%emt 00:00:06]} d4 {[%clk 00:02:29]} {[%emt 00:00:07]}
18. Ne4 {[%clk 00:01:57]} {[%emt 00:00:24]} exf5 {[%clk 00:02:23]} {[%emt
00:00:09]} 19. Nxc5 {[%clk 00:01:29]} {[%emt 00:00:30]} Qxc5 {[%clk 00:02:22]}
{[%emt 00:00:02]} 20. b3 {[%clk 00:01:25]} {[%emt 00:00:06]} Be6 {[%clk
00:02:12]} {[%emt 00:00:12]} 21. Bd3 {[%clk 00:01:26]} {[%emt 00:00:02]} g6
{[%clk 00:02:00]} {[%emt 00:00:13]} 22. Rfe1 {[%clk 00:01:05]} {[%emt
00:00:23]} Qe7 {[%clk 00:01:53]} {[%emt 00:00:08]} 23. Qg3 {[%clk 00:01:00]}
{[%emt 00:00:08]} Qf6 {[%clk 00:01:51]} {[%emt 00:00:03]} 24. a4 {[%clk
00:00:36]} {[%emt 00:00:28]} Rfe8 {[%clk 00:01:43]} {[%emt 00:00:10]} 25. Qc7
{[%clk 00:00:31]} {[%emt 00:00:06]} Bd5 {[%clk 00:01:30]} {[%emt 00:00:15]} 26.
Qxa7 {[%clk 00:00:22]} {[%emt 00:00:12]} Qh4 {[%clk 00:01:27]} {[%emt
00:00:03]} 27. Rg1 {[%clk 00:00:17]} {[%emt 00:00:09]} Qg4 {[%clk 00:01:15]}
{[%emt 00:00:14]} 28. Qc5 {[%clk 00:00:14]} {[%emt 00:00:05]} Bxg2+ {[%clk
00:01:13]} {[%emt 00:00:03]} 29. Rxg2 {[%clk 00:00:12]} {[%emt 00:00:04]} Qxd1+
{[%clk 00:01:14]} {[%emt 00:00:02]} 30. Rg1 {[%clk 00:00:13]} Qf3+ {[%clk
00:01:15]} 0-1

[Event "Turniej Blitza na II Lidze Juniorów 2018"]
[Site "Szczyrk, Poland"]
[Date "????.??.??"]
[Round "6.69"]
[White "Franek, Krzysztof"]
[Black "Michalak, Leon"]
[Result "1-0"]
[TimeControl "3'+2\""]
[WhiteElo "1142"]
[BlackElo "1337"]

1. d4 {[%clk 00:03:03]} d5 {[%clk 00:02:57]} {[%emt 00:00:08]} 2. Nf3 {[%clk
00:03:04]} {[%emt 00:00:01]} Nc6 {[%clk 00:02:58]} {[%emt 00:00:01]} 3. Bf4
{[%clk 00:03:04]} {[%emt 00:00:01]} Bf5 {[%clk 00:02:59]} {[%emt 00:00:02]} 4.
e3 {[%clk 00:03:05]} {[%emt 00:00:02]} e6 {[%clk 00:03:00]} {[%emt 00:00:01]} 5.
Nh4 {[%clk 00:03:04]} {[%emt 00:00:02]} Bd6 {[%clk 00:02:58]} {[%emt 00:00:04]}
6. Bg3 {[%clk 00:03:05]} {[%emt 00:00:01]} Bxg3 {[%clk 00:02:58]} {[%emt
00:00:02]} 7. hxg3 {[%clk 00:03:06]} {[%emt 00:00:02]} Nf6 {[%clk 00:02:52]}
{[%emt 00:00:07]} 8. Nxf5 {[%clk 00:03:06]} {[%emt 00:00:01]} exf5 {[%clk
00:02:52]} {[%emt 00:00:02]} 9. Bd3 {[%clk 00:03:07]} {[%emt 00:00:02]} Qd7
{[%clk 00:02:51]} {[%emt 00:00:03]} 10. c3 {[%clk 00:03:06]} {[%emt 00:00:03]}
O-O-O {[%clk 00:02:51]} {[%emt 00:00:02]} 11. Qc2 {[%clk 00:03:07]} {[%emt
00:00:01]} g6 {[%clk 00:02:46]} {[%emt 00:00:06]} 12. Nd2 {[%clk 00:03:07]}
{[%emt 00:00:03]} a6 {[%clk 00:02:40]} {[%emt 00:00:08]} 13. Nf3 {[%clk
00:03:08]} {[%emt 00:00:01]} Ne4 {[%clk 00:02:25]} {[%emt 00:00:16]} 14. O-O-O
{[%clk 00:02:56]} {[%emt 00:00:14]} h5 {[%clk 00:02:07]} {[%emt 00:00:19]} 15.
Bxe4 {[%clk 00:02:35]} {[%emt 00:00:24]} fxe4 {[%clk 00:02:08]} {[%emt
00:00:02]} 16. Ng5 {[%clk 00:02:34]} {[%emt 00:00:03]} Qe7 {[%clk 00:02:04]}
{[%emt 00:00:06]} 17. Nh3 {[%clk 00:02:29]} {[%emt 00:00:07]} f5 {[%clk
00:02:00]} {[%emt 00:00:05]} 18. Nf4 {[%clk 00:02:30]} {[%emt 00:00:02]} Rdg8
{[%clk 00:01:51]} {[%emt 00:00:10]} 19. Qd2 {[%clk 00:02:27]} {[%emt 00:00:06]}
Kb8 {[%clk 00:01:32]} {[%emt 00:00:21]} 20. f3 {[%clk 00:02:27]} {[%emt
00:00:01]} exf3 {[%clk 00:01:32]} {[%emt 00:00:03]} 21. gxf3 {[%clk 00:02:28]}
g5 {[%clk 00:01:25]} {[%emt 00:00:08]} 22. Nxd5 {[%clk 00:02:20]} {[%emt
00:00:11]} Qd6 {[%clk 00:01:20]} {[%emt 00:00:05]} 23. e4 {[%clk 00:01:50]}
{[%emt 00:00:33]} fxe4 {[%clk 00:01:19]} {[%emt 00:00:03]} 24. fxe4 {[%clk
00:01:51]} {[%emt 00:00:01]} Qxg3 {[%clk 00:01:18]} {[%emt 00:00:03]} 25. Rdg1
{[%clk 00:01:52]} {[%emt 00:00:02]} Qd6 {[%clk 00:01:04]} {[%emt 00:00:15]} 26.
Rxg5 {[%clk 00:01:41]} {[%emt 00:00:14]} Rxg5 {[%clk 00:01:03]} {[%emt
00:00:02]} 1-0

[Event "Turniej Blitza na II Lidze Juniorów 2018"]
[Site "Szczyrk, Poland"]
[Date "????.??.??"]
[Round "6.10"]
[White "Orlik, Sandra"]
[Black "Lorenc, Marian"]
[Result "0-1"]
[TimeControl "3'+2\""]
[WhiteElo "1549"]
[BlackElo "1845"]

1. e4 {[%emt 00:01:28]} e5 {[%emt 00:00:02]} 2. Nf3 {[%emt 00:00:01]} Nf6
{[%emt 00:00:02]} 3. Nc3 {[%emt 00:00:01]} Nc6 {[%emt 00:00:02]} 4. d4 {[%emt
00:00:01]} Bb4 {[%emt 00:00:08]} 5. Nxe5 {[%emt 00:00:14]} Nxe5 {[%emt
00:00:16]} 6. dxe5 {[%emt 00:00:02]} Nxe4 {[%emt 00:00:01]} 7. Qg4 {[%emt
00:00:03]} Nxc3 {[%emt 00:00:22]} 8. Qxb4 {[%emt 00:00:03]} Nd5 {[%emt
00:00:01]} 9. Qg4 {[%emt 00:00:13]} Kf8 {[%emt 00:00:13]} 10. Bc4 {[%emt
00:00:21]} Nb6 {[%emt 00:00:11]} 11. Qf4 {[%emt 00:00:12]} Nxc4 {[%emt
00:00:02]} 12. Qxc4 {[%emt 00:00:01]} d6 {[%emt 00:00:13]} 13. exd6 {[%emt
00:00:10]} Qxd6 14. Be3 {[%emt 00:00:02]} Be6 {[%emt 00:00:11]} 15. Qc3 {[%emt
00:00:16]} Qc6 {[%emt 00:00:11]} 16. Qxc6 {[%emt 00:00:04]} bxc6 {[%emt
00:00:01]} 17. O-O-O {[%emt 00:00:04]} f6 {[%emt 00:00:02]} 18. b3 {[%emt
00:00:08]} Kf7 {[%emt 00:00:02]} 19. c4 {[%emt 00:00:05]} a5 {[%emt 00:00:01]}
20. Kb2 {[%emt 00:00:11]} a4 {[%emt 00:00:01]} 21. h3 {[%emt 00:00:08]} Rhb8
{[%emt 00:00:01]} 22. Kc3 {[%emt 00:00:06]} Rb7 {[%emt 00:00:08]} 23. b4 {[%emt
00:00:05]} Rbb8 {[%emt 00:00:10]} 24. g4 {[%emt 00:00:08]} Rd8 {[%emt
00:00:10]} 25. f4 {[%emt 00:00:02]} g6 {[%emt 00:00:02]} 26. Bc5 {[%emt
00:00:18]} h5 {[%emt 00:00:17]} 27. gxh5 {[%emt 00:00:15]} gxh5 {[%emt
00:00:01]} 28. h4 {[%emt 00:00:06]} Rg8 {[%emt 00:00:08]} 29. Rhg1 {[%emt
00:00:04]} Bg4 {[%emt 00:00:08]} 30. Rde1 Rae8 31. Bd4 {[%emt 00:00:07]} Bf5
{[%emt 00:00:14]} 32. Bc5 {[%emt 00:00:09]} Rxe1 {[%emt 00:00:04]} 33. Rxe1
Rg3+ {[%emt 00:00:02]} 34. Kb2 {[%emt 00:00:08]} a3+ {[%emt 00:00:03]} 35. Kc1
{[%emt 00:00:04]} Rc3+ {[%emt 00:00:02]} 36. Kd2 {[%emt 00:00:05]} Rc2+ {[%emt
00:00:01]} 37. Ke3 {[%emt 00:00:02]} Rxa2 {[%emt 00:00:02]} 38. b5 {[%emt
00:00:06]} cxb5 {[%emt 00:00:02]} 39. cxb5 Rh2 {[%emt 00:00:07]} 40. Kd4 {[%emt
00:00:05]} a2 {[%emt 00:00:01]} 41. Ra1 {[%emt 00:00:04]} Bb1 {[%emt 00:00:02]}
42. Bb4 {[%emt 00:00:03]} Rxh4 {[%emt 00:00:02]} 43. Be1 {[%emt 00:00:02]}
Rxf4+ {[%emt 00:00:02]} 44. Kc5 {[%emt 00:00:02]} h4 {[%emt 00:00:03]} 45. Kc6
{[%emt 00:00:02]} Rf1 {[%emt 00:00:06]} 46. Bxh4 {[%emt 00:00:02]} Rc1+ {[%emt
00:00:01]} 47. Kb7 {[%emt 00:00:02]} Be4+ {[%emt 00:00:01]} 0-1

[Event "Turniej Blitza na II Lidze Juniorów 2018"]
[Site "Szczyrk, Poland"]
[Date "????.??.??"]
[Round "6.28"]
[White "Zdybel, Przemyslaw"]
[Black "Kawaler, Adam"]
[Result "0-1"]
[TimeControl "3'+2\""]
[WhiteElo "1334"]
[BlackElo "1602"]

1. e4 {[%clk 00:03:02]} {[%emt 00:00:01]} e6 {[%clk 00:03:03]} {[%emt
00:00:01]} 2. f4 {[%clk 00:03:02]} {[%emt 00:00:03]} d5 {[%clk 00:03:03]}
{[%emt 00:00:01]} 3. e5 {[%clk 00:03:03]} c5 {[%clk 00:03:04]} {[%emt
00:00:02]} 4. Nf3 {[%clk 00:03:04]} Nc6 {[%clk 00:03:04]} {[%emt 00:00:01]} 5.
c3 {[%clk 00:03:05]} {[%emt 00:00:01]} Bd7 {[%clk 00:02:58]} {[%emt 00:00:08]}
6. Bd3 {[%clk 00:03:06]} {[%emt 00:00:01]} f6 {[%clk 00:02:55]} {[%emt
00:00:05]} 7. O-O {[%clk 00:03:04]} {[%emt 00:00:04]} Be7 {[%clk 00:02:53]}
{[%emt 00:00:05]} 8. Bc2 {[%clk 00:03:03]} {[%emt 00:00:02]} Nh6 {[%clk
00:02:52]} {[%emt 00:00:03]} 9. Kh1 {[%clk 00:02:56]} {[%emt 00:00:10]} f5
{[%clk 00:02:50]} {[%emt 00:00:04]} 10. d4 {[%clk 00:02:51]} {[%emt 00:00:07]}
O-O {[%clk 00:02:50]} {[%emt 00:00:02]} 11. Nbd2 {[%clk 00:02:31]} {[%emt
00:00:21]} Be8 {[%clk 00:02:49]} {[%emt 00:00:03]} 12. dxc5 {[%clk 00:02:29]}
{[%emt 00:00:04]} Bxc5 {[%clk 00:02:50]} {[%emt 00:00:02]} 13. Ng5 {[%clk
00:02:24]} {[%emt 00:00:06]} Ng4 {[%clk 00:02:45]} {[%emt 00:00:07]} 14. Nxe6
{[%clk 00:01:28]} {[%emt 00:00:59]} Qe7 {[%clk 00:02:00]} {[%emt 00:00:46]} 15.
Nxf8 {[%clk 00:01:06]} {[%emt 00:00:25]} Ne3 {[%clk 00:01:58]} {[%emt
00:00:04]} 16. Qe2 {[%clk 00:00:53]} {[%emt 00:00:11]} Nxc2 {[%clk 00:01:56]}
{[%emt 00:00:08]} 17. Rb1 {[%clk 00:00:53]} {[%emt 00:00:01]} Ne3 {[%clk
00:01:54]} {[%emt 00:00:04]} 18. Rf3 {[%clk 00:00:52]} {[%emt 00:00:03]} Ng4
{[%clk 00:01:48]} {[%emt 00:00:07]} 19. Nb3 {[%clk 00:00:43]} {[%emt 00:00:11]}
Bb6 {[%clk 00:01:49]} 20. Bd2 {[%clk 00:00:40]} {[%emt 00:00:06]} Bh5 {[%clk
00:01:42]} {[%emt 00:00:10]} 21. Rbf1 {[%clk 00:00:34]} {[%emt 00:00:07]} Nf2+
{[%clk 00:01:40]} {[%emt 00:00:05]} 22. R1xf2 {[%clk 00:00:35]} {[%emt
00:00:01]} Bxf2 {[%clk 00:01:39]} {[%emt 00:00:03]} 23. Qxf2 {[%clk 00:00:30]}
{[%emt 00:00:06]} Bxf3 {[%clk 00:01:40]} {[%emt 00:00:01]} 24. Qxf3 {[%clk
00:00:31]} Qxf8 {[%clk 00:01:36]} {[%emt 00:00:06]} 25. Qxd5+ {[%clk 00:00:32]}
{[%emt 00:00:01]} Kh8 {[%clk 00:01:37]} {[%emt 00:00:01]} 26. Qb5 {[%clk
00:00:24]} {[%emt 00:00:10]} Qe7 {[%clk 00:01:28]} {[%emt 00:00:11]} 27. Be3
{[%clk 00:00:18]} {[%emt 00:00:08]} a6 {[%clk 00:01:22]} {[%emt 00:00:08]} 28.
Qe2 {[%clk 00:00:17]} {[%emt 00:00:03]} Rd8 {[%clk 00:01:04]} {[%emt 00:00:19]}
29. Bc5 {[%clk 00:00:17]} {[%emt 00:00:02]} Qd7 {[%clk 00:01:04]} {[%emt
00:00:02]} 30. Bd6 {[%clk 00:00:19]} Na7 {[%clk 00:00:46]} {[%emt 00:00:20]} 31.
Nc5 {[%clk 00:00:15]} {[%emt 00:00:06]} Qc6 {[%clk 00:00:45]} {[%emt 00:00:03]}
32. Ne6 {[%clk 00:00:09]} {[%emt 00:00:08]} Re8 {[%clk 00:00:44]} {[%emt
00:00:03]} 33. Nd4 {[%clk 00:00:10]} Qd5 {[%clk 00:00:41]} {[%emt 00:00:05]} 34.
Qf3 {[%emt 00:00:06]} Qxd6 {[%clk 00:00:36]} {[%emt 00:00:06]} 35. h4 {[%clk
00:00:05]} {[%emt 00:00:04]} Qc7 {[%clk 00:00:33]} {[%emt 00:00:05]} 36. e6
{[%clk 00:00:06]} {[%emt 00:00:02]} Nc6 {[%clk 00:00:33]} {[%emt 00:00:02]} 37.
Nxc6 {[%clk 00:00:05]} {[%emt 00:00:02]} Qxc6 {[%emt 00:00:02]} 38. Qe3 {[%emt
00:00:01]} Qxe6 {[%clk 00:00:33]} {[%emt 00:00:03]} 0-1